000 00440nam a22001577a 4500
005 20251108170913.0
008 250721s9999 xx 000 0 ara d
082 1 4 _aط/664.7/ان
245 1 0 _aإن سألتني عن الخبز /
264 1 _aبيروت :
_bالمكتبة الشرقية،
_c[19-].
300 _a12ص
490 0 _aالكتاب المفيد للصغار
650 1 7 _aالخبز
942 _2ddc
_cBK
999 _c51758
_d51758